00213nam a22000977a 4500008004100000082001700041110000800058245002000066260002100086300000800107230704b xxu||||| |||| 00| 0 eng d a340.115bICJ bICJ aLaw and Society aKenyabICJc1989 a98p